LEADER 01048nam0-22003731i-450 001 990003040430403321 005 20220928155129.0 035 $a000304043 035 $aFED01000304043 035 $a(Aleph)000304043FED01 035 $a000304043 100 $a20030910d1973----km-y0itay50------ba 101 0 $aita 102 $aIT 200 1 $a<>crisi della modernizzazione$el'esperienza del Brasile e dell'Argentina$fAngelo Panebianco 210 $aNapoli$cGuida Editori$d1973 215 $a241 p.$d21 cm 225 1 $a<>spirale$v4 610 0 $aNazionalismo$aAmerica Latina 610 0 $aSociologia politica 676 $a19230 676 $a19310 676 $aF/1.211 702 1$aPanebianco,$bAngelo$f<1948- > 801 0$aIT$bUNINA$gRICA$2UNIMARC 901 $aBK 912 $a990003040430403321 952 $a19310 PAN$b5725/I$fSES 952 $a19310 PAN$b5725/I$fSES 952 $aURB.LE B 2438$b17611$fFARBC 959 $aSES 959 $aFARBC 996 $aCrisi della modernizzazione$9463112 997 $aUNINA LEADER 00523nam 2200169z- 450 001 9910832962503321 035 $a(eCampusON)c72d5f14-5544-423a-b823-9332f0727dc1 035 $a(CKB)4920000003145972 035 $a(EXLCZ)994920000003145972 100 $a20240213c2015uuuu -u- - 101 0 $aeng 200 10$aInformation Systems : A Manager's Guide to Harnessing Technology 210 $cUniversity of Minnesota Libraries Publishing 517 $aInformation Systems 906 $aBOOK 912 $a9910832962503321 997 $aUNINA